000 00892nam a2200277 i 4500
001 7781
003 ES-MaACL
005 20250822004353.0
007 t|
008 910503s1981 sp ||||1| spa d
020 _a84-7254-224-6
080 _a76(09)
245 0 3 _aEl Grabado /
_cMichel Melot... [et al.] ; version espaƱola de Francisco A. Pastor Llorian.
260 _aGeneve :
_bSkira :
_b; Barcelona : Carroggio,
_ccop. 1981.
300 _a283 p. :
_bil. ;
_c34 cm.
490 1 _aHistoria de un arte
500 _aIndices.
504 _aBibliogr.: p. 263-270.
505 8 _aDicciionario de terminos tecnicos
650 1 4 _aGrabado-
_vHistoria
_913140
700 1 _aMelot, Michel.
_980028
700 1 _aPastor Llorian, Francisco A.
_989511
830 0 _aHistoria de un arte
_9177954
852 _aES-MaACL
_jC-10854
_bR.119157
_z. - tela
999 _c7781
_d7781